Statistics for NHL, MLB and NBA teams that have done a 3-peat

Click here to take the quiz!

General Stats

  • This quiz has been taken 551 times
  • The average score is 10 of 14

Answer Stats

YearsAnswer% Correct
MLB1936-1939 (4)New York Yankees
91%
NBA2000-2002 (3)Los Angeles Lakers
86%
NBA1959-1966 (8)Boston Celtics
85%
NBA1991-1993 (3)Chicago Bulls
83%
NBA1996-1998 (3)Chicago Bulls
83%
MLB1949-1953 (5)New York Yankees
83%
MLB1998-2000 (3)New York Yankees
81%
NBA1952-1954 (3)Minneapolis Lakers
79%
NHL1956-1960 (5)Montreal Canadiens
67%
NHL1976-1979 (4)Montreal Canadiens
62%
NHL1980-1983 (4)New York Islanders
60%
NHL1947-1949 (3)Toronto Maple Leafs
59%
MLB1972-1974 (3)Oakland Athletics
57%
NHL1962-1964 (3)Toronto Maple Leafs
57%

Score Distribution

Percentile by Number Answered

Percent of People with Each Score

Your Score History

You have not taken this quiz